000 00375nam a2200133Ia 4500
008 220217s9999 xx 000 0 und d
245 0 _aSpecification for braided oil and solvent resisting hose of rubber
260 _aNew Delhi
260 _c1965
_bISI
490 _aHoses subcommittee, CDC 6:3
500 _aStandard number: Is 3418
650 _aRubber hose
942 _cST
999 _c73694
_d73694